Statistics for All Fortnite Weapons Chapter 1 Season 3

Click here to take the quiz!

General Stats

  • This quiz has been taken 36 times
  • The average score is 52 of 68

Answer Stats

Weapon TypeRarityAnswer% Correct
RifleCommonAssault Rifle
100%
RifleUncommonAssault Rifle
100%
RifleRareAssault Rifle
100%
RifleEpicScar
100%
RifleLegendaryScar
100%
RifleCommonBurst AR
96%
RifleUncommonBurst AR
96%
RifleRareBurst AR
96%
ShotgunLegendaryHeavy
96%
ShotgunEpicHeavy
96%
ShotgunUncommonPump
96%
ShotgunRarePump
96%
PistolRarePistol
93%
PistolUncommonPistol
93%
PistolCommonPistol
93%
ShotgunRareTactical
93%
ShotgunUncommonTactical
93%
ShotgunCommonTactical
93%
SniperRareBolt-Action Sniper
89%
SniperEpicBolt-Action Sniper
89%
SniperLegendaryBolt-Action Sniper
89%
ExplosivesCommonGrenades
89%
PistolLegendaryHand Cannon
89%
PistolEpicHand Cannon
89%
ExplosivesRareRocket Launcher
89%
ExplosivesEpicRocket Launcher
89%
ExplosivesLegendaryRocket Launcher
89%
SniperLegendarySemi-Automatic
89%
SniperEpicSemi-Automatic
89%
ConsumableCommonShield Potion
89%
ConsumableUncommonSmall Shield Potion
89%
ConsumableLegendaryChug Jug
85%
ConsumableEpicSlurp Juice
85%
TrapUncommonDamage Trap
81%
TrapEpicLaunch Pad
81%
ExplosivesLegendaryGrenade Launcher
78%
ExplosivesEpicGrenade Launcher
78%
ExplosivesRareGrenade Launcher
78%
SniperUncommonHunting Rifle
78%
SniperRareHunting Rifle
78%
ConsumableCommonMedkit
78%
PistolEpicSuppressed Pistol
78%
PistolLegendarySuppressed Pistol
78%
ConsumableCommonBandage
74%
RifleRareScoped AR
70%
RifleEpicScoped AR
70%
SMGRareTactical SMG
70%
SMGUncommonTactical SMG
70%
SMGEpicTactical SMG
70%
PistolRareRevolver
67%
PistolCommonRevolver
67%
PistolUncommonRevolver
67%
SMGUncommonSuppressed SMG
67%
SMGCommonSuppressed SMG
67%
SMGRareSuppressed SMG
67%
ExplosivesUncommonClinger
56%
UtilityRareImpulse Grenade
56%
RifleEpicMinigun
52%
RifleLegendaryMinigun
52%
TrapRareCozy Campfire
48%
ExplosivesRareRemote Explosive
48%
UtilityLegendaryBush
44%
RifleRareLight Machine Gun
41%
RifleEpicLight Machine Gun
41%
UtilityUncommonBoogie Bomb
37%
UtilityEpicPort a Fort
33%
ExplosivesEpicGuided Missile
30%
ExplosivesLegendaryGuided Missile
30%

Score Distribution

Percentile by Number Answered

Percent of People with Each Score

Your Score History

You have not taken this quiz